| 000 | 00993cam a2200205 a 4500 | ||
|---|---|---|---|
| 110 | 1 |
_aGreat Britain. _939715 |
|
| 245 | 0 | 2 |
_aA brief record of the advance of the Egyptian expeditionary force under the command of General Sir Edmund H. H. Allenby ... July 1917 to October 1918 / _cCompiled from official Sources. |
| 250 | _aSecond ed. | ||
| 260 |
_aLondon: _bH. M. Stationery Office, _c1919. |
||
| 300 |
_a3 p. l., 113, [1] p. _bfront (port.) 56 pl. (incl. 55 maps) _c31 cm. |
||
| 500 | _a"General Allenby's despatches": p. [1]-36. | ||
| 500 | _aDescriptive letterpress on versos facing the plates. | ||
| 500 | _aPreface signed: H. Pirie-Gordon, lieut.-colonel, military editor. | ||
| 526 |
_a0 _b0 _c0 _d355_009410000000000 |
||
| 650 | 0 |
_aWorld War, 1914-1918 _xCampaigns _zPalestine. _949401 |
|
| 650 | 0 |
_aWorld War, 1914-1918 _xRegimental histories _zGreat Britain. _949402 |
|
| 700 | 1 |
_aAllenby, Edmund Henry Hynman Allenby, _949403 |
|
| 700 | 1 |
_aPirie-Gordon, H. _949404 |
|
| 942 |
_2ddc _cBK |
||
| 999 |
_c552189 _d552189 |
||